ইতিহাসের সন্ধানে / (Record no. 74110)
[ view plain ]
| 000 -LEADER | |
|---|---|
| fixed length control field | 00906nam a2200241 a 4500 |
| 001 - CONTROL NUMBER | |
| control field | 74110 |
| 003 - CONTROL NUMBER IDENTIFIER | |
| rucl marc code | BD-RjUL |
| 005 - DATE AND TIME OF LATEST TRANSACTION | |
| control field | 20211209082509.0 |
| 008 - FIXED-LENGTH DATA ELEMENTS--GENERAL INFORMATION | |
| fixed length control field | 180227m20161995bg ||||| |||| 000 0 bg d |
| 020 ## - INTERNATIONAL STANDARD BOOK NUMBER | |
| International Standard Book Number | 9844654076 |
| Terms of availability | Tk. 200.00 |
| 035 ## - SYSTEM CONTROL NUMBER | |
| System control number | (BD-RjUL)74328 |
| 040 ## - CATALOGING SOURCE | |
| Original cataloging agency | BD-RjUL |
| Language of cataloging | eng |
| Transcribing agency | BD-RjUL |
| 041 ## - LANGUAGE CODE | |
| Language code of text/sound track or separate title | ben |
| 082 ## - DEWEY DECIMAL CLASSIFICATION NUMBER | |
| Edition number | 23 |
| Classification number | 954.92 |
| Author mark and year | AHI 2016 |
| 100 1# - MAIN ENTRY--PERSONAL NAME | |
| Personal name | আহমদ, সালাহউদ্দীন |
| 9 (RLIN) | 220304 |
| 245 10 - TITLE STATEMENT | |
| Title | ইতিহাসের সন্ধানে / |
| Statement of responsibility, etc. | সালাহউদ্দীন আহমদ, |
| 250 ## - EDITION STATEMENT | |
| Edition statement | ২য় সংস্করণ ২০০৫ |
| 260 ## - PUBLICATION, DISTRIBUTION, ETC. (IMPRINT) | |
| Place of publication, distribution, etc. | ঢাকা : |
| Name of publisher, distributor, etc. | সাহিত্য প্রকাশ , |
| Date of publication, distribution, etc. | ১৯৯৫ (মুদ্রন) ২০১৬ |
| 300 ## - PHYSICAL DESCRIPTION | |
| Pagination | ১০৩ পৃ. ; |
| Size | ২২ সেমি. |
| 650 ## - SUBJECT ADDED ENTRY--TOPICAL TERM | |
| Topical term or geographic name as entry element | ইতিহাস |
| Geographic subdivision | বাংলাদেশ |
| 9 (RLIN) | 220305 |
| Topical term or geographic name as entry element | History |
| Geographic subdivision | Bangladesh |
| 9 (RLIN) | 220306 |
| 942 ## - ADDED ENTRY ELEMENTS (KOHA) | |
| Source of classification or shelving scheme | Dewey Decimal Classification |
| Koha item type | Books |
| Lost status | Source of classification or shelving scheme | Damaged status | Not for loan | Collection code | Permanent Location | Current Location | Shelving location | Date acquired | Source of acquisition | Cost, normal purchase price | Total Checkouts | Full call number | Date last seen | Copy number | Koha item type | Date checked out |
|---|---|---|---|---|---|---|---|---|---|---|---|---|---|---|---|---|
| Dewey Decimal Classification | Not For Loan | Non-fiction | Central Library, University of Rajshahi | Central Library, University of Rajshahi | Reading Room | 09/12/2021 | RAJSHAHI NEWS HOME | 200.00 | B 954.92 AHI 2016 | 27/02/2018 | C-1 | Books | ||||
| Dewey Decimal Classification | Non-fiction | Central Library, University of Rajshahi | Central Library, University of Rajshahi | 09/12/2021 | RAJSHAHI NEWS HOME | 200.00 | 1 | B 954.92 AHI 2016 | 14/05/2019 | C-2 | Books | 29/04/2019 | ||||
| Dewey Decimal Classification | Non-fiction | Central Library, University of Rajshahi | Central Library, University of Rajshahi | 09/12/2021 | RAJSHAHI NEWS HOME | 200.00 | 2 | B 954.92 AHI 2016 | 03/04/2019 | C-3 | Books | 01/04/2019 |